Quiz o Kostrzynie nad Odrą - Statystyki

Ogólne statystyki
  • Ten quiz został rozwiązany 9 razy
  • Średni wynik to 8 z 16
Statystyki odpowiedzi
Wskazówka Odpowiedź % Poprawnych
Powiat, w którym leży Kostrzyn nad Odrą Powiat {gorzowski}
100%
Niemiecka nazwa miasta Küstrin
86%
Główna część Kostrzyna w rzeczywistości leży nad tą rzeką, a nie nad Odrą, ale wpada ona do Odry w granicach Kostrzyna Warta
86%
Dawna dzielnica Kostrzyna, obecnie leżąca po niemieckiej stronie granicy osobna miejscowość Küstrin-Kietz
57%
Bramkarz i były reprezentant Polski w piłce nożnej Łukasz Fabiański
57%
Park narodowy w bezpośrednim sąsiedztwie Kostrzyna Park Narodowy {Ujście Warty}
57%
Festiwal, który w latach 2004-2019 odbywał się regularnie w Kostrzynie Pol'and'rock
57%
Rodzaj obiektu kulturalnego im. Trepczyka zlokalizowany obok drugiego parku przy tym samym rondzie, co Park Miejski Amfiteatr
43%
Starówka Kostrzyna przed zniszczeniem stanowiła ten ważny system obronny Twierdza
43%
Zwierzę znajdujące się po heraldycznie lewej stronie herbu Boleń
29%
Główny klub piłkarski Celuloza Kostrzyn nad Odrą
29%
Plac zlokalizowany na północ od Parku Miejskiego, w jego bezpośrednim sąsiedztwie Plac {Wojska Polskiego}
29%
Kostrzyn jest ważnym węzłem komunikacyjnym m.in. ze względu na położenie na głównych szlakach tego typu, łączących bezpośrednio Kostrzyn z Rzepinem, Szczecinem, Berlinem oraz Krzyżem Szlaki {kolejowe}
29%
Mieszkalna zabudowa Kostrzyna leżąca przy granicy z województwem zachodniopomorskim Szumiłowo
29%
Z czego jest zrobiona nawierzchnia wschodniego mostu samochodowego nad tą rzeka? Z drewna
29%
Z powodu zniszczenia blisko 100% kostrzyńskiej starówki miasto to jest czasem nazywane w ten sposób Polska Hiroszima
14%
Nie znaleziono quizów pasujących do podanych kryteriów
Rozkład punktacji
Procent ludzi z każdym wynikiem
Percentyl według liczby udzielonych odpowiedzi
Twoja historia wyników
Nie rozwiązałeś tego quizu